000 00707nam a2200253Ia 4500
003 OSt
005 20220918222530.0
006 a|||||r|||| 00| 0
007 ta
008 220917b |||||||| |||| 00| 0 eng d
024 _a217,205
037 _cTextual
040 _aARTS
_cARTS
_beng
041 _2eng
_aeng
082 _aY15:(W,8), P2
100 _aStivers Camilla
_9143405
245 0 _aGender images in public administration
_b legitimacy and the administrative state
250 _a2nd
260 _aNew Delhi
_bSage Publications
_c2002
300 _aix, 174p
_ccm.
650 _aSOCIOLOGY
942 _hY15:(W,8), P2
_cTEXL
_2CC
999 _c275803
_d275803